| 000 | 00913cam a2200289 4500 | ||
|---|---|---|---|
| 001 | 15702 | ||
| 003 | BD-RjUL | ||
| 005 | 20211208235854.0 | ||
| 008 | 140210r19641963caua 001 0 eng | ||
| 035 | _a(OCoLC)ocm00561951 | ||
| 035 | _a(BD-RjUL)15757 | ||
| 035 | _a(NNC)2413290 | ||
| 040 |
_aDLC _cCSU _dSER _dOCL _dZCU _dBD-RjUL _beng |
||
| 041 | _aeng | ||
| 082 |
_a651.26 _bGRB 1964 |
||
| 090 |
_aHF5548.2 _b.G863 |
||
| 100 | 1 |
_aGregory, Robert H. _q(Robert Henry) _948726 |
|
| 245 | 1 | 0 |
_aBusiness data processing & programming / _cRobert H. Gregory & Richard L. Van Horn. |
| 260 |
_aBelmont, Calif. : _bWadsworth Pub. Co., _cc1963 [ Reprinted 1964]. |
||
| 300 |
_ax, 403 p. : _bill. ; _c24 cm. |
||
| 504 | _aIncludes index. | ||
| 650 | 0 |
_aElectronic data processing. _948727 |
|
| 700 | 1 |
_aVan Horn, Richard, _d1920-, _eauthor. _948728 |
|
| 942 |
_2ddc _cBK |
||
| 999 |
_c15702 _d15702 |
||